000 00487nam a2200169Ia 4500
999 _c115
_d115
003 OSt
005 20210910101534.0
008 190216s9999||||xx |||||||||||||| ||und||
040 _coclc
082 _a892.78
_bALI/I
100 _a Ali Nadvi, Abdul Hasan
_98724
245 0 _aIsmauha Minni Sarihan Ayyuhal Arab /
_cAbdul Hasan Ali Nadvi
260 _bDarul Isfahani,
_aJeddah:
300 _a27p
650 _aArabic
942 _cBK
_2ddc
_h892.78
_iALI/I
_k892.78
_mALI/I